000 02074nam a2200289 a 4500
003 AM-YEHGA
005 20260309164101.0
008 260205s1905 ru gr 000 0 arm d
040 _aAM-YeHGA
041 0 _aarm
100 1 _aԱրամյան, Հմայակ Հայրապետի,
_d1878-1919
_9770
245 1 0 _aՔրդերը Տաճկաց-Հայաստանում :
_b(Ազգագրական նիւթեր) /
_cՄ.Տ. Շւոտ.
260 _aՍ.-Պետերբուրգ :
_bտպ. Պուշկինեան,
_c1905.
300 _a(6 գիրք մեկ կազմի մեջ) ; հատոր ;
_c15 սմ.
500 _aՇարվածքը՝ 12X6 սմ:
500 _aՏիտղոսաթերթին՝ զարդ:
500 _aԱլիգ 6
501 _aՄեկ կազմի մեջ՝ Հնչակ : (Զատկական նւԷր Տ-ցի գաղթականներին) / Մ.Տ. Շւոտ։ Ս.-Պետերբուրգ: տպ. Պուշկինեան։ 1905։ - Սլիգ 1 ; Քիւրտ Պէկ : Գծեր հայ-քրդական կեանքէն / Մ.Տ. Շւոտ։ Ս.-Պետերբուրգ: «Պուշկինյան արագատիպ» Տպարան։ 1904։ - Սլիգ 2 ; Արամը : (Գծեր հայ-քրդական կեանքէն) / Մ.Տ. Շւոտ։ Ս. Պետերբուրգ: Պուշկինեան Տպարան։ 1905։ - Ալիգ 3 ; Քիւրտ Պէկ : Անաստուածները ։ Գծեր հայ-քրդական կեանքէն (Գ․ հատորիկ) / Մ.Տ. Շւոտ։ Բարիզ: Ա. հ.։ 1903։ - Ալիգ 4 ; Քիւրտ Պէկ : Անաստուածները ։ Գծեր հայ-քրդական կեանքէն (Գ․ հատորիկ) / Մ.Տ. Շւոտ։ Բարիզ: Ա. հ.։ 1903։ - Ալիգ 4 ; Մերձեցում : Անուրջներ / Մ.Տ. Շւոտ։ Բարիզ: Ա. հ.։ 1903։ - Ալիգ 5
504 _aՄատենագիտ. տողատ. ծանոթ.
505 1 0 _gՀ. Ա (1905, 218, III էջ)
650 1 4 _aՀայոց պատմություն
650 1 4 _aԱզգագրություն
_95627
651 4 _aՍանկտ Պետերբուրգ
_98369
651 4 _aՌուսաստան
942 _2udc
_cBK
001 2048099
999 _c541389
_d541389